Clinical care conundrums (Record no. 160345)
[ view plain ]
| 000 -LEADER | |
|---|---|
| fixed length control field | 02144nam a2200385 a 4500 |
| 082 04 - DEWEY DECIMAL CLASSIFICATION NUMBER | |
| Classification number | 616.07/5 |
| 245 00 - TITLE STATEMENT | |
| Title | Clinical care conundrums |
| 260 ## - PUBLICATION, DISTRIBUTION, ETC. (IMPRINT) | |
| Place of publication | Hoboken, N.J. : |
| Name of publisher | Wiley-Blackwell, |
| Year of publication | c2013. |
| 300 ## - PHYSICAL DESCRIPTION | |
| Number of Pages | xiv, 191 p. : |
| Other physical details | ill. |
| 490 1# - SERIES STATEMENT | |
| Series statement | Hospital medicine: current concepts ; |
| 520 ## - SUMMARY, ETC. | |
| Summary, etc | "This book presents the first evidence-based casebook for hospitalists and other hospital-based physicians, associated staff, and trainees. Each clinical chapter concludes with practical "pearls" for application to the user's own practice, while a free CD contains all images and case summaries in PowerPoint files. Based on and expanded from the wildly popular Clinical Care Conundrum (CCC) series in the Journal of Hospital Medicine, this attractive new volume combines high-quality images and text to form an indispensable reference and study text for the wards or the classroom"--Provided by publisher. |
| 650 #0 - SUBJECT ADDED ENTRY--TOPICAL TERM | |
| Topical Term | Clinical medicine |
| Topical Term | Diagnosis, Differential |
| Topical Term | Evidence-based medicine |
| Topical Term | Hospitalists. |
| 700 1# - ADDED ENTRY--PERSONAL NAME | |
| Personal name | Pile, James C. |
| Personal name | Baudendistel, Thomas E. |
| Personal name | Harte, Brian J. |
| 856 40 - ELECTRONIC LOCATION AND ACCESS | |
| Uniform Resource Identifier | http://site.ebrary.com/lib/rucke/Doc?id=10682345 |
No items available.
